|
|
|
|
| LEADER |
00000nab a2200000ua 4500 |
| 001 |
vtls010794352 |
| 003 |
SK-MaSNL |
| 005 |
20260303123913.0 |
| 008 |
230214s1949 xo |||||||||||||||||slo| |
| 035 |
|
|
|a (urnnbn)urn:nbn:sk:snk:ar-a03kll
|
| 035 |
|
|
|a (uuid)89959842-87a3-4876-8a71-54825842bfe1
|
| 035 |
|
|
|a urn:nbn:sk:snk-ab5c0q
|
| 040 |
|
|
|a SNKBUCL
|b slo
|c SNKBUCL
|e AACR2
|
| 041 |
0 |
|
|a slo
|
| 044 |
|
|
|a xo
|c SK
|
| 100 |
1 |
|
|a DHERS
|4 aut
|9 1140153
|
| 245 |
1 |
0 |
|a Dermatóza z indočínskeho laku
|c Dhers, Chamard, Chmel, Pellerat
|
| 700 |
1 |
|
|a Chamard
|4 aut
|9 1140154
|
| 700 |
1 |
|
|a Chmel
|4 aut
|9 1116387
|
| 700 |
1 |
|
|a Pellerat
|4 aut
|9 1140155
|
| 773 |
0 |
|
|t Bratislavské lekárske listy
|g Roč. 29, č. 2 (1949), s. [145]-154
|
| 954 |
|
|
|a odborná, vedecká literatúra pôvodná (slovenská)
|2 lita
|
| 958 |
|
|
|a OND
|
| 958 |
|
|
|a EUIPO
|
| 958 |
|
|
|a article3
|
| 999 |
|
|
|c 1928539
|d 1930469
|